000 00614nam a2200205Ia 4500
005 20250923145948.0
008 008 250917s9999 xx 000 0 eng d
037 _aTextual
040 _aDSWL
_beng
_cDSWL
041 _aeng
_2eng
084 _aY150aX8(J):2.4, N85;1
_qDSWL
100 _aMueller, R.D.
_9840762
245 0 _aWomen's Work in Third World Agriculture
_c by R.D. Mueller
260 _aGeneva
_b International Labour Office
_c1994
300 _axi,151 p.
365 _aINR
_b637.50
925 _g637.50
942 _cTEXL
_hY150aX8(J):2.4, N85;1
999 _c1457861
_d1457861